banner koha

Flora das cangas da Serra dos Carajás, Pará, Brasil: Nymphaeaceae (Registro n. 331785)

MARC details
000 -LÍDER
fixed length control field 01729nab a2200241 i 4500
003 - CÓDIGO MARC DA AGÊNCIA CATALOGADORA
Campo de controle BR-BrBNA
005 - DATA E HORA DA ÚLTIMA ATUALIZAÇÃO
Campo de controle 20250529095631.0
008 - CAMPO DE TAMANHO FIXO
fixed length control field 250529b2018 bl.qr|pooa||| 00| 0 por |
040 ## - FONTE DA CATALOGAÇÃO
Agência catalogadora BR-BrBNA
Idioma da catalogação por
072 ## - CATEGORIA AGRIS
Código AGRIS F70
100 ## - ENTRADA PRINCIPAL - NOME PESSOAL
Nome pessoal Lima, Carla Teixeira de
245 ## - TÍTULO PRINCIPAL
Título principal Flora das cangas da Serra dos Carajás, Pará, Brasil: Nymphaeaceae
500 ## - NOTA GERAL
Nota geral Publicação on-line; 5 ref.; 2 illus.; Summaries (En, Pt)
942 ## - ADDED ENTRY ELEMENTS (KOHA)
Koha item type Analítica
520 ## - NOTA DE RESUMO
Nota de conteúdo <br/><br/>Resumo<br/><br/>Este estudo engloba a única espécie de Nymphaeaceae registrada para a canga da Serra dos Carajás, no estado<br/>do Pará, trazendo descrição detalhada, ilustração e comentários morfológicos. É registrada uma espécie de<br/>Nymphaea para a área de estudo: N. rudgeana, amplamente distribuída na América Central, do Sul e no Caribe.<br/><br/>Palavras-chave: FLONA Carajás, taxonomia, macrófita aquática, flora.<br/><br/><br/><br/><br/>Abstract<br/><br/>This study encompasses the species of Nymphaeceae registered for the canga of the Serra dos Carajás,<br/>Pará state, bringing detailed description, illustrations and morphological comments of the species. A single<br/>species is registered for the study area: N. rudgeana, widely distributed in the Caribbean, Central America<br/>and South America.,<br/><br/>Key words: FLONA Carajás, taxonomy, aquatic macrophyte, flora
650 ## - ASSUNTO - THESAGRO
Cabeçalho tópico ou nome geográfico CARAJÁS
650 ## - ASSUNTO - THESAGRO
Cabeçalho tópico ou nome geográfico TAXONOMIA
650 ## - ASSUNTO - THESAGRO
Cabeçalho tópico ou nome geográfico PLANTA AQUÁTICA
650 ## - ASSUNTO - THESAGRO
Cabeçalho tópico ou nome geográfico FLORA
773 0# - ENTRADA ANALÍTICA
Host Biblionumber 709
Registro do item 350699
Imprenta Rio de Janeiro-RJ Jardim Botanico do Rio de Janeiro 1935
Outro identificador 2025-3324
Título Rodriguésia (Brazil)
ISSN 0370-6583; 2175-7860 on-line
Colação v. 69(1) p. 153-156; (2018)
Número de controle de registro BR2025001293
856 ## - ACESSO E ENDEREÇO ELETRÔNICO
Identificador uniforme de recurso - URI https://www.scielo.br/j/rod/a/z5fzVjZ8sfNZwBpZNYDdfPH/?format=pdf&lang=pt

Nenhum exemplar disponível.

BINAGRI

Telefone: (61)3218-2567/2388/3357/2097 - binagri@agro.gov.br

Ministério da Agricultura e Pecuária , Esplanada dos Ministérios, Bloco D, Anexo B, Brasília/DF, CEP: 70.043-900